The city climate challenge for 2050 (Record no. 105919)

MARC details
000 -LEADER
fixed length control field 01407cam a2200229 4500
001 - CONTROL NUMBER
control field ##L135099
008 - FIXED-LENGTH DATA ELEMENTS--GENERAL INFORMATION
fixed length control field 060925n2006 000 0 eng u
035 ## - SYSTEM CONTROL NUMBER
System control number (Sirsi) u135099
041 0# - LANGUAGE CODE
Language code of text/sound track or separate title eng
050 04 - LIBRARY OF CONGRESS CALL NUMBER
Classification number 551.52 $2 18
110 2# - MAIN ENTRY--CORPORATE NAME
Corporate name or jurisdiction name as entry element Royal Institution of Chartered Surveyors
9 (RLIN) 4900
245 04 - TITLE STATEMENT
Title The city climate challenge for 2050
Remainder of title your city - your responsibility
-- full report
260 ## - PUBLICATION, DISTRIBUTION, ETC.
Place of publication, distribution, etc. [S.l.]
Name of publisher, distributor, etc. Brook Lyndhurst
Date of publication, distribution, etc. 2006
505 00 - FORMATTED CONTENTS NOTE
Formatted contents note Executive summary -- Introduction -- Transport -- Built environment: demand side -- Energy: supply side -- Reflections for London -- Closing remarks
520 ## - SUMMARY, ETC.
Summary, etc. Examines how UK towns and cities need to adapt and change to meet the challenge of a 60% reduction in carbon dioxide emissions by 2050. Case studies for Manchester, Bournemouth and Brighton look at transport, built environment and energy issues respectively and identify paths to a low carbon future. A fourth case study for London brings together the three issues and shows the combined reductions needed. (For executive summary see L135138).
590 ## - LOCAL NOTE (RLIN)
Local note IKA031006 NTK
651 #4 - SUBJECT ADDED ENTRY--GEOGRAPHIC NAME
Geographic name United Kingdom
Chronological subdivision
690 ## - LOCAL SUBJECT ADDED ENTRY--TOPICAL TERM (OCLC, RLIN)
Topical term or geographic name as entry element ENVIRONMENTAL AND LAND CONSULTANCY-ENERGY
710 2# - ADDED ENTRY--CORPORATE NAME
Corporate name or jurisdiction name as entry element Brook Lyndhurst
9 (RLIN) 4663
856 40 - ELECTRONIC LOCATION AND ACCESS
Uniform Resource Identifier <a href="www.brooklyndhurst.co.uk/.../Brook%20Lyndhurst%20-%20Climate%20challenge%20-%20England.pdf">www.brooklyndhurst.co.uk/.../Brook%20Lyndhurst%20-%20Climate%20challenge%20-%20England.pdf</a>
Public note View the full report free of charge at the www.brooklyndhurst.co.uk website.
942 ## - ADDED ENTRY ELEMENTS (KOHA)
Suppress in OPAC 0
Holdings
Withdrawn status Lost status Source of classification or shelving scheme Damaged status Not for loan Home library Current library Shelving location Date acquired Total Checkouts Full call number Barcode Date last seen Copy number Price effective from Koha item type
    Dewey Decimal Classification     Virtual Virtual Online 25/09/2006   ONLINE PUBLICATION 135099-2001 06/08/2019 1 06/08/2019 Book